Anagrammes aléatoires des Créatures Magiques dans Harry Potter - Statistiques

Statistiques générales
  • Ce quiz a été pris 77 fois
  • Le résultat moyen est 3 sur 10
Statistiques - réponses
Réponse % Correct
Fée
100%
Phénix
100%
Salamandre
100%
Sirène
86%
Yéti
83%
Sphinx
80%
Gobelin
75%
Goule
75%
Kappa
75%
Triton
75%
Botruc
71%
Hippogriffe
70%
Centaure
67%
Chimère
67%
Doxy
67%
Dragon
67%
Loup-garou
67%
Lutin
67%
Troll
67%
Licorne
60%
Épouvantard
57%
Gnome
55%
Re'em
50%
Tébo
50%
Basilic
40%
Farfadet
40%
Griffon
40%
Noueux
40%
Demiguise
33%
Détraqueur
33%
Moke
33%
Nundu
33%
Strangulot
33%
Boursouf
29%
Porlock
29%
Abraxan
25%
Acromantule
25%
Bicorne
25%
Fléreur
25%
Géant
25%
Licheur
25%
Murlap
25%
Occamy
25%
Chaporouge
20%
Joncheruine
20%
Manticore
20%
Sombral
20%
Dirico
17%
Jobarbille
17%
Povrebine
17%
Sinistros
17%
Chartier
14%
Plimpy
14%
Niffleur
11%
Abarimon
0%
Augurey
0%
Bandimon
0%
Billywig
0%
Calmar géant
0%
Chien à trois tête
0%
Ciseburine
0%
Clabbert
0%
Crabe de Feu
0%
Croup
0%
Démonzémerveille
0%
Diablotin
0%
Elfe de Maison
0%
Erkling
0%
Éruptif
0%
Être de l'eau
0%
Fangieux
0%
Focifère
0%
Grapcorne
0%
Grinchebourdon
0%
Horglup
0%
Kelpy
0%
Knarl
0%
Malagrif
0%
Moremplis
0%
Oiseau-tonnerre
0%
Pitiponk
0%
Qilin
0%
Quintaped
0%
Rémora
0%
Runespoor
0%
Scroutt
0%
Serpencendre
0%
Serpent de mer
0%
Sharak
0%
Veaudelune
0%
Vélane
0%
Veracrasse
0%
Vivet doré
0%
Zouwu
0%
Aucun quiz correspondant
Distribution des résultats
% des personnes avec chaque résultat
Percentile par nombre de réponses
Votre historique - résultats
Vous n’avez pas pris ce quiz